Bordering Countries by Letter - Statistics

General Stats
  • This quiz has been taken 28 times
  • The average score is 22 of 24
Answer Stats
Hint Answer Letter % Correct
Libya Algeria A
100%
Croatia Bosnia and Herzegovina B
100%
Somalia Djibouti D
96%
Thailand Cambodia C
91%
Russia Finland F
91%
Netherlands Germany G
91%
Dominican Republic Haiti H
91%
Iran Iraq I
91%
Israel Jordan J
91%
Uzbekistan Kazakhstan K
91%
Estonia Latvia L
91%
Costa Rica Nicaragua N
91%
Saudi Arabia Oman O
91%
Bahrain Qatar Q
91%
Burundi Rwanda R
91%
Norway Sweden S
91%
Samoa Tuvalu T
91%
Mexico United States of America U
91%
Italy Vatican City V
91%
Saudi Arabia Yemen Y
91%
Angola Zambia Z
91%
Kenya Ethiopia E
87%
Brazil Peru P
87%
Tanzania Malawi M
83%
No matching quizzes found
Score Distribution
Percent of People with Each Score
Percentile by Number Answered
Your Score History
You have not taken this quiz